[Event "POR-chT 49th"]
[Site "Evora"]
[Date "2007.08.03"]
[Round "7"]
[White "Khamrakulov, Ibragim S"]
[Black "Prusikin, Michael"]
[Result "0-1"]
[WhiteElo "2592"]
[BlackElo "2569"]
[Annotator "Prusikin,M"]
[PlyCount "132"]
[EventDate "2007.07.28"]
[EventType "team"]
[EventRounds "9"]
[EventCountry "POR"]
[SourceTitle "CBM 119 Extra"]
[Source "ChessBase"]
[SourceDate "2007.09.04"]
[SourceVersion "1"]
[SourceVersionDate "2007.09.04"]
[SourceQuality "1"]

1. e4 e5 2. Nf3 Nc6 3. Bc4 Bc5 4. d3 Nf6 5. c3 d6 6. Bb3 a6 7. h3 Ba7 8. Nbd2
O-O 9. Nf1 Ne7 10. Ng3 Ng6 11. O-O Be6 12. Bxe6 $6 (12. d4 $1) 12... fxe6 13.
Be3 $146 Bxe3 14. fxe3 Nd7 $1 {Objektiv ist die Stellung wohl ausgeglichen,
jedoch muss der Anziehende aufgrund der etwas "aufgeweichten" Bauernstruktur 
(xd3) etwas vorsichtig sein.} 15. Kh2 Nh4 $1 16. Qb3 $6 {Schwächt unnötig
den König sowie die Bauernstruktur.} (16. Nxh4 Rxf1 17. Nxf1 Qxh4 18. Qe2 Rf8
19. g3 Qg5 20. Nd2 $11) 16... Nxf3+ 17. Rxf3 Rxf3 18. gxf3 (18. Qxe6+ $4 Rf7)
18... Nc5 19. Qc2 Qg5 20. d4 Nd7 21. Qf2 $6 (21. Qb3 Re8 22. Re1 $11) 21... Rf8
$15 22. Rg1 Qh6 23. Ne2 Nf6 24. Qg2 Nh5 25. Ng3 Nxg3 26. Qxg3 Rf7 27. Qf2 Qh5
28. Rg4 exd4 $1 29. exd4 Qb5 $1 30. Rg1 Qd3 31. Kg2 c5 32. Rf1 cxd4 33. Qxd4
Qxd4 34. cxd4 Rc7 $15 {Dieses Turmendspiel sollte Weiß zwar halten können,
die Verteidigung ist jedoch unangenehm.} 35. Rf2 Kf7 36. f4 Rc4 37. Rd2 d5 38.
Kf3 b5 39. h4 a5 (39... g6 $5 40. exd5 exd5 41. Ke3 Rc1 42. h5 $1 gxh5 43. Rg2
$1 $11) 40. f5 $2 (40. exd5 exd5 41. b3 Rc3+ 42. Kg4 $11) 40... exf5 41. exd5
g6 42. b3 Rc1 43. Re2 Rd1 44. Ke3 Ke7 $2 {Seltsamer Fehler. Nichts sprach
dagegen, den Bauern h4 abzuholen:} (44... Rh1 $19) 45. Rc2 Rh1 46. Rc7+ Kd6 47.
Rxh7 Kxd5 48. Rd7+ Kc6 49. Rh7 $2 (49. Rg7 $11) 49... b4 $2 (49... Rh3+ $1 50.
Kf4 Kd5 51. Rd7+ Ke6 52. Rh7 Kf6 53. d5 Rxh4+ 54. Rxh4 g5+ $19) 50. Rh6 Kd5 51.
Rxg6 Rh3+ 52. Kf4 $2 (52. Kf2 $11) 52... Rxh4+ $1 53. Kxf5 Rh2 54. Kf4 Kxd4 55.
Rd6+ Kc3 $1 (55... Kc5 $4 56. Rg6 $1 Rxa2 57. Ke4 Ra3 58. Rg5+ $11) 56. Rc6+
Kb2 57. Rc5 Kxa2 58. Rxa5+ Kxb3 59. Ke3 Kb2 60. Kd3 b3 61. Rg5 Ka2 62. Ra5+ Kb1
63. Kc3 b2 64. Rg5 Rh3+ 65. Kd2 Ka2 66. Ra5+ Ra3 0-1

[Event "GER-ch 80th"]
[Site "Saarbruecken"]
[Date "2009.02.13"]
[Round "8"]
[White "Fridman, Daniel"]
[Black "Prusikin, Michael"]
[Result "0-1"]
[WhiteElo "2650"]
[BlackElo "2529"]
[PlyCount "104"]
[EventDate "2009.02.06"]
[EventType "swiss"]
[EventRounds "9"]
[EventCountry "GER"]
[SourceTitle "CBM 128 Extra"]
[Source "ChessBase"]
[SourceDate "2009.03.05"]
[SourceVersion "2"]
[SourceVersionDate "2009.03.25"]
[SourceQuality "1"]

1. d4 Nf6 2. c4 g6 3. g3 Bg7 4. Bg2 O-O 5. Nc3 d6 6. Nf3 Nbd7 7. O-O e5 8. e4
exd4 9. Nxd4 Re8 10. Re1 a6 11. f4 c6 12. Nb3 a5 13. Na4 Nb6 14. Nxb6 Qxb6+ 15.
c5 Qa7 16. Be3 Ng4 17. Bd4 Bxd4+ 18. Nxd4 dxc5 19. Nc2 Be6 20. Bf3 Rad8 21. Qe2
c4+ 22. Kg2 c3 23. Bxg4 Rd2 24. Bxe6 Rxe2+ 25. Rxe2 Rxe6 26. bxc3 Qc5 27. Re3
Qc4 28. Nd4 Re8 29. Kf2 a4 30. Nf3 Qc5 31. e5 Qa3 32. Re2 Rd8 33. Rb1 b5 34.
Ng5 Qxc3 35. Ne4 Qd4+ 36. Kg2 Qc4 37. Rbb2 Rd1 38. Nf6+ Kg7 39. Rbc2 Qd3 40.
Rf2 Qd8 41. Rxc6 Qa8 42. Rfc2 Rd8 43. Kh3 b4 44. Rc7 b3 45. axb3 axb3 46. R2c6
b2 47. Rb6 Rd2 48. Rcb7 Qa1 49. e6 Qf1+ 50. Kg4 Qe2+ 51. Kh3 Qxh2+ 52. Kg4 h5+
0-1

[Event "Mitropa Cup 28th"]
[Site "Rogaska Slatina"]
[Date "2009.05.11"]
[Round "3"]
[White "Prusikin, Michael"]
[Black "Lenic, Luka"]
[Result "1-0"]
[WhiteElo "2549"]
[BlackElo "2574"]
[PlyCount "33"]
[EventDate "2009.05.09"]
[EventType "team-tourn"]
[EventRounds "9"]
[EventCountry "SLO"]
[SourceTitle "CBM 130 Extra"]
[Source "ChessBase"]
[SourceDate "2009.07.02"]
[SourceVersion "2"]
[SourceVersionDate "2009.07.15"]
[SourceQuality "1"]
[WhiteTeam "Germany"]
[BlackTeam "Slovenia"]
[WhiteTeamCountry "GER"]
[BlackTeamCountry "SLO"]

1. d4 Nf6 2. c4 e6 3. Nf3 b6 4. g3 Bb7 5. Bg2 Be7 6. O-O O-O 7. Re1 c5 8. d5
exd5 9. Nh4 Ne4 10. Nf5 dxc4 11. Qc2 Nd6 12. Bxb7 Nxb7 13. Qxc4 d5 14. Qxd5 Nd6
15. Nxe7+ Qxe7 16. Qxa8 Nb7 17. Qxa7 1-0

[Event "SUI-chT"]
[Site "Switzerland"]
[Date "2010.08.29"]
[Round "7.1"]
[White "Khenkin, Igor"]
[Black "Prusikin, Michael"]
[Result "0-1"]
[WhiteElo "2590"]
[BlackElo "2542"]
[PlyCount "54"]
[EventDate "2010.02.14"]
[EventType "team-tourn"]
[EventRounds "9"]
[EventCountry "SUI"]
[SourceTitle "EXT 2011"]
[Source "ChessBase"]
[SourceDate "2010.11.26"]
[SourceVersion "1"]
[SourceVersionDate "2010.11.26"]
[SourceQuality "1"]
[WhiteTeam "Geneve"]
[BlackTeam "Wollishofen"]
[WhiteTeamCountry "SUI"]
[BlackTeamCountry "SUI"]

1. d4 Nf6 2. c4 e6 3. Nc3 Bb4 4. f3 c5 5. d5 Nh5 6. Nh3 d6 7. g4 Nf6 8. Nf2
Bxc3+ 9. bxc3 e5 10. e3 Qe7 11. Bd3 Nbd7 12. Qc2 e4 13. Bxe4 Ne5 14. g5 Nxe4
15. Qxe4 f5 16. gxf6 Qxf6 17. f4 O-O 18. Bd2 Qh4 19. O-O-O Bf5 20. Be1 Bxe4 21.
Nxe4 Qe7 22. fxe5 Qxe5 23. Ng3 Qxe3+ 24. Kc2 Qf4 25. Kb3 b5 26. cxb5 a6 27. Bd2
Qh4 0-1

[Event "AUT-chT 1011"]
[Site "Austria"]
[Date "2011.01.22"]
[Round "6.1"]
[White "Rozentalis, Eduardas"]
[Black "Prusikin, Michael"]
[Result "0-1"]
[WhiteElo "2596"]
[BlackElo "2527"]
[Annotator "Prusikin,M"]
[PlyCount "56"]
[EventDate "2010.11.19"]
[EventType "team-tourn"]
[EventRounds "11"]
[EventCountry "AUT"]
[SourceTitle "EXT 2012"]
[Source "ChessBase"]
[SourceDate "2011.11.24"]
[SourceVersion "1"]
[SourceVersionDate "2011.11.24"]
[SourceQuality "1"]
[WhiteTeam "Hohenems"]
[BlackTeam "Salzburg"]
[WhiteTeamCountry "AUT"]
[BlackTeamCountry "AUT"]

1. e4 e5 2. Nf3 Nc6 3. Nc3 Nf6 4. g3 Bc5 5. Bg2 d6 6. d3 a6 7. O-O h6 8. Nd5
Nxd5 9. exd5 Nd4 10. Nd2 {'N'} (10. Nxd4 Bxd4 $11) 10... Ba7 11. c3 Nf5 12. Nb3
h5 {'!'} 13. d4 h4 14. Qd3 exd4 15. Re1+ (15. Be4 $5 hxg3 (15... Nh6 $5 16.
Bxh6 Rxh6 17. Nxd4 $11) 16. Bxf5 (16. hxg3 Qf6 $19) 16... Bxf5 17. Qxf5 Qh4 18.
h3 g6 19. Qg4 Qxg4 20. hxg4 dxc3 21. Kg2 Bxf2 22. Rh1 Rxh1 23. Kxh1 cxb2 24.
Bxb2 Kd7 $15) 15... Kf8 16. cxd4 (16. Nxd4 Nxd4 17. cxd4 Qf6 18. Be3 Bf5 $15) (
16. g4 h3 $15) 16... Qf6 17. Re4 (17. g4 $5 h3 18. g5 Qg6 19. Be4 Bd7 20. Bd2
Rh4 21. Rac1 Bb6 22. a4 a5 $15) (17. Be3 Bd7 $17) 17... hxg3 18. fxg3 (18. hxg3
Bd7 $5 $17 (18... g5 $5 19. Qd2 (19. Rg4 Ne3 $19) 19... Qh6 20. Qxg5 Qh2+ 21.
Kf1 Bd7 22. a4 b5 $40)) 18... Bd7 19. Rg4 {'?' Diagramm} (19. Bd2 Bb5 20. Qc3
Re8 21. Rae1 Rxe4 22. Rxe4 Bb6 $15) (19. h4 Kg8 20. Bg5 Qg6 21. Rae1 $15) 19...
Re8 {'!!' Dieser Zug war einfach zu logisch, um falsch zu sein! Damit kommt
die letzte untätige Figur ins Spiel.} 20. Bg5 (20. Bd2 Bb5 21. Qc3 Re2 22. Kh1
Qe7 23. Rg1 Ne3 24. Bxe3 Rxe3 $19) 20... Nxd4 {'!!'} (20... Qe5 $5 21. Re4 Nxd4
$1 22. Be3 Ne2+ $1 23. Qxe2 Qxe4 24. Bxe4 Rxe4 25. Re1 Rxe3 26. Qxe3 Bxe3+ 27.
Rxe3 Rh5 28. Rc3 Rxd5 29. Rxc7 Bc6 $19 {sollte zwar auch gewonnen sein, ist
aber mit deutlich größeren technischen Schwierigkeiten verbunden.}) 21. Nxd4 (
21. Bxf6 Nf3+ 22. Kf1 (22. Kh1 Rxh2#) 22... Nxh2#) 21... Qe5 {'!' Dieser Zug
hat mich bei 19...Re8 viel Zeit gekostet. Schwarz gewinnt einfach die Figur
zurück!} 22. Rf4 Qxg5 23. h4 Qe5 24. Kh1 Qxf4 {'!' Es gelingt nicht alle Tage,
ein und die selbe Dame zweimal zu opfern!} 25. gxf4 Rxh4+ 26. Kg1 Rxf4 27. Qh7
Bxd4+ 28. Kh1 Bf2 $19 0-1

[Event "BL2-Ost 1112"]
[Site "Germany"]
[Date "2012.02.05"]
[Round "6.1"]
[White "Graf, Alexander"]
[Black "Prusikin, Michael"]
[Result "0-1"]
[WhiteElo "2628"]
[BlackElo "2541"]
[PlyCount "82"]
[EventDate "2011.10.02"]
[EventType "team-tourn"]
[EventRounds "9"]
[EventCountry "GER"]
[SourceTitle "EXT 2015"]
[Source "ChessBase"]
[SourceDate "2014.11.20"]
[SourceVersion "1"]
[SourceVersionDate "2014.11.20"]
[SourceQuality "1"]
[WhiteTeam "Plauen"]
[BlackTeam "Forchheim"]
[WhiteTeamCountry "GER"]
[BlackTeamCountry "GER"]

1. d4 d5 2. c4 e6 3. Nf3 Be7 4. Nc3 Nf6 5. Bg5 h6 6. Bh4 O-O 7. e3 b6 8. Be2
dxc4 9. Bxc4 Bb7 10. O-O a6 11. a4 Nc6 12. Re1 Nh5 13. Bxe7 Qxe7 14. e4 Rad8
15. d5 Nf4 16. Qd2 Qf6 17. Rad1 Ne7 18. Bf1 exd5 19. e5 Nh3+ 20. Kh1 Qf4 21.
Qe2 d4 22. Nb1 Bxf3 23. gxf3 d3 24. Qd2 Qxf3+ 25. Bg2 Nxf2+ 26. Kg1 Nh3+ 27.
Kh1 Qh5 28. Nc3 Ng6 29. Rf1 Nxe5 30. Qe3 Ng4 31. Qxh3 Qxh3 32. Bxh3 Ne3 33. Rd2
Nxf1 34. Bxf1 Rfe8 35. Rxd3 Rxd3 36. Bxd3 a5 37. Bc4 c6 38. Kg2 Kf8 39. Kf2 Re5
40. Be2 Ke7 41. Bf3 Kd6 0-1

[Event "AUT-chT 1112"]
[Site "Austria"]
[Date "2012.01.22"]
[Round "3.2"]
[White "Berczes, David"]
[Black "Prusikin, Michael"]
[Result "0-1"]
[WhiteElo "2560"]
[BlackElo "2545"]
[PlyCount "108"]
[EventDate "2012.01.20"]
[EventType "team-tourn"]
[EventRounds "11"]
[EventCountry "AUT"]
[SourceTitle "CBM 146 Extra"]
[Source "ChessBase"]
[SourceDate "2012.02.29"]
[SourceVersion "1"]
[SourceVersionDate "2012.02.29"]
[SourceQuality "1"]
[WhiteTeam "Wulkaprodersdorf"]
[BlackTeam "Bernhard"]
[WhiteTeamCountry "AUT"]
[BlackTeamCountry "AUT"]

1. Nf3 d5 2. c4 d4 3. b4 f6 4. e3 e5 5. c5 a5 6. Bb5+ c6 7. Bc4 Ne7 8. O-O axb4
9. Bb2 Na6 10. exd4 exd4 11. Re1 Nxc5 12. Nxd4 Qd6 13. a3 Na4 14. Qb3 Nxb2 15.
Qxb2 Kd8 16. axb4 Rxa1 17. Qxa1 Qxb4 18. Be6 Kc7 19. Nc3 Kb8 20. Bxc8 Qxd4 21.
Bh3 f5 22. Qa5 g6 23. Ra1 Bg7 24. g3 Nc8 25. Bg2 Qa7 26. Qxa7+ Nxa7 27. Re1 Nc8
28. Kf1 Rd8 29. Ke2 Re8+ 30. Kd1 Rxe1+ 31. Kxe1 Bxc3 32. dxc3 Kc7 33. Ke2 Kd6
34. Ke3 Ne7 35. Bf1 Nd5+ 36. Kd4 c5+ 37. Kd3 Nf6 38. f3 b5 39. Kd2 c4 40. Ke3
Kc5 41. Kd2 Nd5 42. Be2 b4 43. cxb4+ Nxb4 44. Bd1 Kd4 45. Ba4 g5 46. Bd7 f4 47.
gxf4 gxf4 48. Bf5 h6 49. Bh7 Nd5 50. Bg6 Ne3 51. Ke2 Kc3 52. Bf7 Kc2 53. Bg6+
Kb2 54. Bd3 c3 0-1

[Event "Bundesliga 1213"]
[Site "Germany"]
[Date "2012.12.08"]
[Round "5.1"]
[White "Prusikin, Michael"]
[Black "Khenkin, Igor"]
[Result "1-0"]
[WhiteElo "2545"]
[BlackElo "2655"]
[Annotator "Prusikin,M"]
[PlyCount "67"]
[EventDate "2012.10.20"]
[EventType "team-tourn"]
[EventRounds "15"]
[EventCountry "GER"]
[SourceTitle "EXT 2014"]
[Source "ChessBase"]
[SourceDate "2013.11.20"]
[SourceVersion "1"]
[SourceVersionDate "2013.11.20"]
[SourceQuality "1"]
[WhiteTeam "Forchheim"]
[BlackTeam "Wiesbaden"]
[WhiteTeamCountry "GER"]
[BlackTeamCountry "GER"]

1. d4 Nf6 2. c4 e6 3. Nf3 d5 4. Nc3 Bb4 5. Qa4+ Nc6 6. e3 O-O 7. Bd2 Re8 8. Qc2
Bf8 9. a3 h6 {Dieser Zug war mir neu. Wie mir Igor nach der Partie erklärte,
orientierte er sich dabei an der kürzlich gespielten Partie Makarov-Matlakov,
die Schwarz gewann.} 10. h3 $1 $146 {Eine logische Neuerung. 10.Bd3 gibt den
Kampf um das Tempo auf, während} (10. O-O-O $2 {in den schwarzen Angriff
hinein rochiert:} a6 11. cxd5 exd5 12. Bd3 b5 $40 {Makarov-Matlakov 2012}) (10.
Rd1 {nimmt mir die Möglichkeit, später lang zu rochieren}) 10... e5 11. dxe5 (
11. cxd5 $2 Nxd4 12. exd4 exd4+ 13. Ne2 Qxd5 14. Qd3 c5 15. O-O-O Ne4 16. Be1
Bf5 $19) 11... Nxe5 12. cxd5 Nxd5 13. O-O-O Nxf3 (13... Nb6 14. Nxe5 Rxe5 15.
e4 $14 {Khenkin}) 14. gxf3 Nb6 {Im Nachninein ungenau, hier gerät der N ins
Abseits.} (14... Be6) 15. Rg1 (15. Ne4 Qh4) 15... Qh4 16. Ne4 Bf5 (16... Be6
17. Bc3 Kh8 18. Rd4 $1 $40) 17. Bc3 Bxe4 (17... Kh8 18. Rd4 (18. Bd3 Nd5 19.
Bd4 Rad8 20. Ng5 hxg5 21. Bxf5 $14) 18... c5 19. Nd6 cxd4 20. Qxf5 Bxd6 (20...
dxc3 21. Bd3 $18) 21. Bd3 g6 22. Rxg6 fxg6 23. Qxg6 Re7 24. Bxd4+ Qxd4 25.
Qxh6+ Kg8 26. exd4 $16) 18. fxe4 Rad8 (18... Qxe4 19. Bd3 Qc6 20. Bh7+ Kh8 21.
Rd4 Rad8 22. Rdg4 f6 23. Rg6 $18) 19. Bd3 Re6 20. Rg4 {Das erschien mir zu
naheligend, auch wenn die Engine} (20. e5 Kh8 21. Rg4 Qe7 22. Bf5 Rxd1+ 23.
Qxd1 Rc6 $14 {bevorzugt}) 20... Qxh3 (20... Qh5 21. e5 ({das schöne} 21. Bc4 {
schlug ich in der post mortem Analyse vor, aber hier kann sich der
Nachziehende noch mit} Red6 22. Rxd6 Rxd6 23. e5 Nxc4 $1 (23... Rc6 24. Bb3
Qxh3 25. Qf5 Qf1+ 26. Kd2 $18 Nc4+ 27. Rxc4 Rxc4 28. e6 $18) 24. exd6 Nxd6 {
ganz gut verteidigen}) 21... g6 22. Rdg1 Bg7 23. Bf5 Rc6 24. e6 Bxc3 25. bxc3
Kh8 26. exf7 $18) (20... Qe7 21. e5 Nd5 22. Bc4 $18) 21. Rdg1 Rg6 $2 {Das
verliert forciert, aber die Alternativen waren kaum besser:} (21... Rc6 22. e5
Nd5 23. Bh7+ Kh8 24. Qf5 Nxc3 25. Qxf7 $18) (21... g6 22. e5 Rxd3 $8 23. Qxd3
Qf3 24. Rf4 Qd5 25. Kc2 $16) 22. Rxg6 fxg6 23. Qb3+ $1 {Dieser Zug, bzw. die
damit verbundene Idee entscheidet.} (23. e5 $6 Kh8 24. Bxg6 Nd5 {wäre weit
weniger klar gewesen}) 23... Kh8 (23... Kh7 24. Qf7 Rxd3 25. Qxg6+ Kg8 26. Bxg7
$18) 24. Qf7 $1 g5 25. Bc2 $1 Qd7 (25... Qh2 26. Rd1 $18) (25... Nc8 26. Rd1
Nd6 27. Qg6 $18) 26. Qh5 Qe6 27. Rxg5 Kg8 28. Rg6 Qc4 29. Kb1 Na4 30. Bd4 $1 {
Der Läufer darf auf keinen Fall mit Schach geschlagen werden. Nun ist gegen 31.
Rxh6 kein Kraut gewachsen.} Nc5 (30... c5 31. Rxh6 $18) 31. Rxh6 Qf1+ 32. Bd1
Qxd1+ 33. Qxd1 gxh6 34. Qg4+ 1-0

[Event "Bundesliga 1920"]
[Site "Germany"]
[Date "2019.12.07"]
[Round "3.7"]
[White "Prusikin, Michael"]
[Black "Gajewski, Grzegorz"]
[Result "1-0"]
[WhiteElo "2522"]
[BlackElo "2623"]
[PlyCount "79"]
[EventDate "2019.11.23"]
[EventType "team-tourn"]
[EventRounds "15"]
[EventCountry "GER"]
[SourceTitle "CBM 193 Extra"]
[Source "ChessBase"]
[SourceDate "2020.01.31"]
[SourceVersion "1"]
[SourceVersionDate "2020.01.31"]
[SourceQuality "1"]
[WhiteTeam "Augsburg"]
[BlackTeam "Dresden TU"]
[WhiteTeamCountry "GER"]
[BlackTeamCountry "GER"]

1. e4 c5 2. Nf3 d6 3. Bb5+ Nd7 4. d4 cxd4 5. Qxd4 a6 6. Be2 Ngf6 7. O-O g6 8.
Nc3 Bg7 9. Rd1 O-O 10. e5 Nh5 11. Qh4 dxe5 12. Bg5 Nf4 13. Bxe7 Qb6 14. Bxf8
Nxf8 15. Bc4 Bf6 16. Ng5 Kg7 17. Qg3 Qc6 18. Bf1 Bf5 19. Re1 Re8 20. Rad1 Bxc2
21. Rc1 Bf5 22. Nce4 Bxe4 23. Rxc6 Bxc6 24. Ne4 Be7 25. Qc3 Nd5 26. Qxe5+ Bf6
27. Qg3 Bxb2 28. Qb3 Be5 29. Bc4 Nf4 30. Bxf7 Re7 31. Bc4 b5 32. Bf1 N8e6 33.
Qa3 Nd5 34. Qxa6 Nd4 35. Ng3 Nb4 36. Rxe5 Nxa6 37. Rxe7+ Kf6 38. Rxh7 Nb4 39.
Ra7 Ke5 40. Ne2 1-0

[Event "Bundesliga 1920"]
[Site "Germany"]
[Date "2020.02.22"]
[Round "7.2"]
[White "Howell, David"]
[Black "Prusikin, Michael"]
[Result "0-1"]
[WhiteElo "2701"]
[BlackElo "2522"]
[PlyCount "134"]
[EventDate "2019.11.23"]
[EventType "team-tourn"]
[EventRounds "15"]
[EventCountry "GER"]
[SourceTitle "CBM 195 Extra"]
[Source "ChessBase"]
[SourceDate "2020.05.31"]
[SourceVersion "1"]
[SourceVersionDate "2020.05.31"]
[SourceQuality "1"]
[WhiteTeam "Hockenheim"]
[BlackTeam "Augsburg"]
[WhiteTeamCountry "GER"]
[BlackTeamCountry "GER"]

1. Nf3 d5 2. e3 Nf6 3. c4 e6 4. Nc3 c5 5. cxd5 exd5 6. d4 a6 7. g3 Nc6 8. Bg2
Be7 9. O-O O-O 10. Ne5 Be6 11. Nxc6 bxc6 12. dxc5 Bxc5 13. b3 d4 14. Na4 Ba7
15. exd4 Bxd4 16. Bb2 Bxb2 17. Nxb2 Bd5 18. Rc1 Ra7 19. Nc4 Re7 20. Ne3 Qa5 21.
Qc2 Bxg2 22. Kxg2 Nd5 23. Nc4 Qd8 24. Rfd1 Rfe8 25. Rd2 Re6 26. h4 Qf6 27. Qd3
h5 28. a3 Re4 29. Na5 Rxh4 30. Nxc6 Nf4+ 31. gxf4 Qxf4 32. Rg1 Rg4+ 33. Kh1
Rxg1+ 34. Kxg1 Re1+ 35. Kg2 Qg5+ 36. Kh2 Qh4+ 37. Kg2 Qg5+ 38. Kh2 Qg1+ 39. Kh3
Qh1+ 40. Kg3 Qg1+ 41. Kh3 Qh1+ 42. Kg3 Rg1+ 43. Kf4 Qxc6 44. Qd5 Qc1 45. Ke4
Qxa3 46. Qxh5 Qb4+ 47. Kd3 Qxb3+ 48. Ke2 Qb5+ 49. Qxb5 axb5 50. Rd5 Rb1 51. Ke3
g6 52. Rd6 Re1+ 53. Kf4 Re6 54. Rd8+ Kg7 55. Rb8 Rf6+ 56. Ke3 Rf5 57. f4 Kf6
58. Re8 Rc5 59. Ke4 Rc4+ 60. Kf3 Rb4 61. Re5 Rb1 62. Kg4 b4 63. Rb5 b3 64. Rb6+
Kg7 65. Kf3 b2 66. Kg2 f5 67. Rb8 g5 0-1